000
00273nam a2200097Ia 4500
001
693751
005
20250826161920.0
008
250824s9999 xx 000 0 und d
245
0
_a
1000 Soruda Kur an ve Tefsir Soru Hazinesi
_c
Prof. Dr. Ali Akpınar
260
_b
KİTAP DÜNYASI
999
_c
693751
_d
693751